[Event "Online Olym Disabilities"]
[Site "Tornelo INT"]
[Date "2020.11.22"]
[Round "2.1"]
[White "Basualto Penalieres, Pedro Jaime"]
[Black "Nowak, Lukasz1"]
[Result "0-1"]
[WhiteElo "2025"]
[BlackElo "2265"]
[PlyCount "54"]
[EventDate "2020.11.21"]
[EventType "team-swiss (rapid)"]
[EventRounds "7"]
[EventCountry "NET"]
[SourceTitle "CBM 199 Extra"]
[Source "ChessBase"]
[SourceDate "2021.01.31"]
[SourceVersion "1"]
[SourceVersionDate "2021.01.31"]
[SourceQuality "1"]
[WhiteTeam "Chile"]
[BlackTeam "Poland"]
[WhiteTeamCountry "CHI"]
[BlackTeamCountry "POL"]

1. e4 e5 2. Nf3 Nc6 3. d4 exd4 4. Nxd4 Nf6 5. Nc3 Bb4 6. Nxc6 bxc6 7. Bd3 0-0 8. 0-0 d5 9. exd5 cxd5 10. Bg5 c6 11. Qf3 Rb8 12. h3 Bd6 13. Rab1 Be6 14. Rfd1 h6 15. Bh4 Rb4 16. Bg3 Bxg3 17. Qxg3 Qb8 18. Qxb8 Rfxb8 19. b3 c5 20. Na4 Rc8 21. Be2 Ne4 22. Rbc1 c4 23. c3 Rb7 24. b4 a5 25. bxa5 Ra8 26. Rb1 Rxb1 27. Rc1 Rxc1+ 0-1

[Event "Mar del Plata op 50th"]
[Site "Mar del Plata"]
[Date "2019.04.15"]
[Round "4"]
[White "Hungaski, Robert Andrew"]
[Black "Basualto Penalieres, Pedro Jaime"]
[Result "1-0"]
[WhiteElo "2505"]
[BlackElo "2125"]
[PlyCount "135"]
[EventDate "2019.04.13"]
[EventType "swiss"]
[EventRounds "9"]
[EventCountry "ARG"]
[SourceTitle "CBM 190 Extra"]
[Source "ChessBase"]
[SourceDate "2019.07.15"]
[SourceVersion "1"]
[SourceVersionDate "2019.07.15"]
[SourceQuality "1"]

1. e4 e5 2. Nf3 Nc6 3. Bc4 Be7 4. d4 d6 5. dxe5 dxe5 6. Qe2 Bg4 7. c3 Nf6 8. h3 Bh5 9. Nbd2 Bg6 10. Nh4 Qd7 11. Nxg6 hxg6 12. Nf3 Nh5 13. Be3 f6 14. Rd1 Bd6 15. g3 g5 16. h4 0-0-0 17. Bb5 gxh4 18. Rxh4 g5 19. Nxe5 Qe8 20. Nxc6 bxc6 21. Ba6+ Kd7 22. Qg4+ Qe6 23. Qxe6+ Kxe6 24. Bc4+ Ke7 25. Rh1 a5 26. e5 fxe5 27. Bxg5+ Nf6 28. Ke2 Rdf8 29. f3 Rxh1 30. Rxh1 Kd7 31. Rh6 Nd5 32. Bd3 Ne7 33. Be4 Rg8 34. Bh4 Rb8 35. b3 a4 36. Bc2 axb3 37. axb3 Ra8 38. Be4 Ra3 39. Rh7 Ke6 40. Bd3 Ra2+ 41. Kd1 Ra1+ 42. Kc2 Ra2+ 43. Kb1 Rf2 44. Bxe7 Bxe7 45. Be4 c5 46. g4 Bg5 47. Rxc7 Be3 48. g5 Rf1+ 49. Kc2 Rg1 50. g6 Kf6 51. Kd3 Bf2 52. Ke2 Bh4 53. Rxc5 Rg2+ 54. Kd3 Bg5 55. Rc6+ Kg7 56. Rc7+ Kf6 57. Rc6+ Kg7 58. Kc4 Be7 59. b4 Ra2 60. Kd5 Ra7 61. b5 Rb7 62. b6 Bd8 63. Kc5 Be7+ 64. Kc4 Bd8 65. Kc5 Be7+ 66. Kb5 Rb8 67. Rc4 Rd8 68. b7 1-0

[Event "Mar del Plata op 50th"]
[Site "Mar del Plata"]
[Date "2019.04.14"]
[Round "3"]
[White "Basualto Penalieres, Pedro Jaime"]
[Black "Benedetti, Julio"]
[Result "1/2-1/2"]
[WhiteElo "2125"]
[BlackElo "2281"]
[PlyCount "152"]
[EventDate "2019.04.13"]
[EventType "swiss"]
[EventRounds "9"]
[EventCountry "ARG"]
[SourceTitle "CBM 190 Extra"]
[Source "ChessBase"]
[SourceDate "2019.07.15"]
[SourceVersion "1"]
[SourceVersionDate "2019.07.15"]
[SourceQuality "1"]

1. e4 c5 2. Nf3 Nc6 3. d4 cxd4 4. Nxd4 e5 5. Nb5 d6 6. N1c3 a6 7. Na3 Be7 8. Nd5 Nf6 9. Nxe7 Qxe7 10. Bg5 Be6 11. Bc4 Rd8 12. Bxf6 Qxf6 13. Bd5 0-0 14. 0-0 Qg6 15. c3 Kh8 16. Nc2 Ne7 17. Ne3 Nxd5 18. exd5 Bc8 19. f4 f5 20. Rf3 Rde8 21. Qd2 Qh6 22. Raf1 g5 23. g3 b5 24. fxg5 Qxg5 25. Qf2 f4 26. Ng2 Rg8 27. gxf4 exf4 28. Kh1 Qxd5 29. Nxf4 Qe4 30. Qd4+ Qe5 31. Rg3 Rgf8 32. Kg1 Rf6 33. Nh5 Rxf1+ 34. Kxf1 Rf8+ 35. Kg1 Qxd4+ 36. cxd4 Be6 37. Ra3 Rg8+ 38. Ng3 h5 39. Kf2 h4 40. Ne2 Rf8+ 41. Ke3 Bc8 42. Rc3 Re8+ 43. Kd2 Bg4 44. Re3 Rg8 45. Nf4 Bf5 46. Re7 Rg1 47. Rf7 Bb1 48. Rf6 d5 49. Rh6+ Kg7 50. Rxh4 Bxa2 51. Ne6+ Kg6 52. Rh3 Kf7 53. Nc7 Rg6 54. Ra3 Rg2+ 55. Kc3 Bc4 56. b3 Bf1 57. Ra1 Be2 58. Kb4 Bg4 59. Rf1+ Kg6 60. Nxd5 Ra2 61. Rg1 Kf5 62. Ne3+ Ke4 63. Nxg4 Kxd4 64. Rh1 Rb2 65. h4 a5+ 66. Kxb5 Rxb3+ 67. Kxa5 Rg3 68. Nf2 Rg2 69. Nh3 Ke5 70. Rg1 Ra2+ 71. Kb4 Kf5 72. Rg3 Ra8 73. Rg5+ Kf6 74. Nf4 Ra2 75. Kc3 Rh2 76. Ng2 Rxh4 1/2-1/2

[Event "CHI-ch sf"]
[Site "Quilpue"]
[Date "2019.01.20"]
[Round "7"]
[White "Farfan Ortiz, Victor"]
[Black "Basualto Penalieres, Pedro Jaime"]
[Result "0-1"]
[WhiteElo "2171"]
[BlackElo "2052"]
[PlyCount "90"]
[EventDate "2019.01.17"]
[EventType "swiss"]
[EventRounds "8"]
[EventCountry "CHI"]
[SourceTitle "CBM 188 Extra"]
[Source "ChessBase"]
[SourceDate "2019.02.28"]
[SourceVersion "1"]
[SourceVersionDate "2019.02.28"]
[SourceQuality "1"]

1. c4 e5 2. g3 f5 3. Nc3 Nf6 4. Bg2 g6 5. d4 e4 6. Nh3 Bg7 7. 0-0 0-0 8. f3 exf3 9. Bxf3 h6 10. Nf4 g5 11. Ng6 Re8 12. Qd3 Nc6 13. Qxf5 Nxd4 14. Bd5+ Nxd5 15. Qf7+ Kh7 16. Nxd5 Re6 17. Nge7 Nc6 18. Bxg5 hxg5 19. Rf6 Rxe7 20. Qg6+ Kh8 21. Qh5+ Kg8 22. Raf1 Ne5 23. Qxg5 Re6 24. Rf8+ Qxf8 25. Rxf8+ Kxf8 26. Nxc7 Nf7 27. Nxe6+ dxe6 28. Qc5+ Kg8 29. Qe7 b6 30. Qe8+ Bf8 31. Qc6 Rb8 32. Qc7 Bd6 33. Qxa7 Bc5+ 34. Kf1 Rb7 35. Qa8 Nd6 36. a3 Kg7 37. b4 Be3 38. Ke1 e5 39. Qa4 Rf7 40. Qc6 Bh3 41. Kd1 Nxc4 42. Kc2 b5 43. Kb3 Nd2+ 44. Ka2 Bd4 45. a4 Rf6 0-1

[Event "CHI-ch sf"]
[Site "Santiago de Chile"]
[Date "2018.12.08"]
[Round "3.6"]
[White "Tapia Fuentes, Jaime"]
[Black "Basualto Penalieres, Pedro Jaime"]
[Result "1-0"]
[WhiteElo "2202"]
[BlackElo "2064"]
[PlyCount "59"]
[EventDate "2018.12.07"]
[EventType "swiss"]
[EventRounds "8"]
[EventCountry "CHI"]
[SourceTitle "EXT 2024"]
[Source "ChessBase"]
[SourceDate "2023.10.10"]
[SourceVersion "1"]
[SourceVersionDate "2023.10.10"]
[SourceQuality "1"]

1. e4 e5 2. Nf3 Nc6 3. d4 exd4 4. Nxd4 Nf6 5. Nxc6 bxc6 6. Bd3 d6 7. 0-0 Be7 8. c4 Nd7 9. Nc3 Bf6 10. Qc2 h6 11. Be3 Ne5 12. Be2 Be6 13. b3 Ng4 14. Bxg4 Bxg4 15. f3 Be6 16. Rad1 Qe7 17. f4 0-0 18. e5 dxe5 19. f5 Bc8 20. Ne4 Rd8 21. Bc5 Qe8 22. Nxf6+ gxf6 23. Rxd8 Qxd8 24. Rd1 Qe8 25. Qe4 Bb7 26. Rd3 Rd8 27. Rg3+ Kh7 28. Qg4 Qh8 29. Qh5 Rd7 30. Rg6 1-0

[Event "Villa Tehuelches Cuarto op"]
[Site "Villa Tehuelches"]
[Date "2018.07.12"]
[Round "4"]
[White "Yanez Almonacid, Jermain Esteban"]
[Black "Basualto Penalieres, Pedro Jaime"]
[Result "0-1"]
[WhiteElo "1874"]
[BlackElo "2079"]
[PlyCount "110"]
[EventDate "2018.07.11"]
[EventType "swiss"]
[EventRounds "7"]
[EventCountry "CHI"]
[SourceTitle "EXT 2020"]
[Source "ChessBase"]
[SourceDate "2019.10.17"]
[SourceVersion "1"]
[SourceVersionDate "2019.10.17"]
[SourceQuality "1"]

1. d4 d6 2. Nf3 Nf6 3. Bf4 c6 4. e3 h6 5. h3 Bf5 6. Bd3 Nbd7 7. Qd2 Bxd3 8. Qxd3 Qa5+ 9. Qd2 Qxd2+ 10. Nbxd2 d5 11. c4 e6 12. a3 c5 13. 0-0 Be7 14. Rac1 0-0 15. Rfd1 cxd4 16. exd4 dxc4 17. Nxc4 Nd5 18. Bg3 b6 19. Bd6 N7f6 20. Nfe5 Rfd8 21. Bxe7 Nxe7 22. Ne3 Rac8 23. Kf1 Rxc1 24. Rxc1 Ne8 25. Nf3 f6 26. Ke2 Kf7 27. b4 Nd5 28. Nxd5 Rxd5 29. Rc8 Rd7 30. Kd3 Nd6 31. Ra8 Rc7 32. a4 Ke7 33. d5 e5 34. Nh4 e4+ 35. Kd2 f5 36. Ng6+ Kf6 37. Nf4 Nc4+ 38. Ke2 g5 39. Ne6 Rd7 40. Rh8 Rxd5 41. Rxh6+ Ke5 42. Nxg5 Rd2+ 43. Ke1 Ra2 44. g3 Nb2 45. Nf7+ Kd4 46. Rd6+ Kc3 47. Ne5 Nd3+ 48. Nxd3 exd3 49. Rc6+ Kxb4 50. h4 Re2+ 51. Kf1 Re5 52. h5 d2 53. Rd6 Re1+ 54. Kg2 d1Q 55. Rxd1 Rxd1 0-1

[Event "Villa Tehuelches Cuarto op"]
[Site "Villa Tehuelches"]
[Date "2018.07.11"]
[Round "2"]
[White "Basualto Penalieres, Pedro Jaime"]
[Black "Della Morte, German"]
[Result "1/2-1/2"]
[WhiteElo "2079"]
[BlackElo "2364"]
[PlyCount "117"]
[EventDate "2018.07.11"]
[EventType "swiss"]
[EventRounds "7"]
[EventCountry "CHI"]
[SourceTitle "EXT 2019"]
[Source "ChessBase"]
[SourceDate "2018.10.10"]
[SourceVersion "1"]
[SourceVersionDate "2018.10.10"]
[SourceQuality "1"]

1. e4 e5 2. Nf3 Nc6 3. c3 Nf6 4. Qa4 d6 5. d4 Bd7 6. Qc2 g6 7. Bb5 Bg7 8. dxe5 dxe5 9. 0-0 0-0 10. a4 Ne8 11. Be3 Nd6 12. Bc5 f5 13. Bxd6 cxd6 14. Na3 Qe7 15. Bc4+ Kh8 16. Rad1 fxe4 17. Qxe4 Rf4 18. Qd5 e4 19. Qxd6 Qxd6 20. Rxd6 exf3 21. Rxd7 fxg2 22. Kxg2 Ne5 23. Rc7 Raf8 24. Be2 Re4 25. Bd1 Nd3 26. Rxb7 Rh4 27. Rd7 Nxb2 28. Rxa7 Be5 29. h3 Nd3 30. Bg4 h5 31. Bd7 Rhf4 32. Bb5 Nxf2 33. Re7 Bd6 34. Re8 Nxh3 35. Rxf8+ Bxf8 36. Nc2 Rxf1 37. Bxf1 Nf4+ 38. Kf3 g5 39. a5 Kg7 40. a6 Bc5 41. Nd4 Kf6 42. Nb3 Bb6 43. c4 Ke5 44. c5 Ba7 45. Bc4 Nd5 46. c6 g4+ 47. Kg2 Ne7 48. c7 h4 49. Na5 Kd6 50. Nb7+ Kxc7 51. Be6 g3 52. Kf3 Ng6 53. Bh3 Kb6 54. Nd6 Bb8 55. Nf5 Kxa6 56. Kg4 Nf4 57. Bf1+ Kb6 58. Nxh4 g2 59. Nxg2 1/2-1/2

[Event "Arica op 4th"]
[Site "Arica"]
[Date "2017.12.11"]
[Round "2"]
[White "Basualto Penalieres, Pedro Jaime"]
[Black "Quintiliano Pinto, Renato Rodrigues"]
[Result "0-1"]
[WhiteElo "2037"]
[BlackElo "2441"]
[PlyCount "76"]
[EventDate "2017.12.10"]
[EventType "swiss"]
[EventRounds "10"]
[EventCountry "CHI"]
[SourceTitle "CBM 182 Extra"]
[Source "ChessBase"]
[SourceDate "2018.02.23"]
[SourceVersion "1"]
[SourceVersionDate "2018.02.23"]
[SourceQuality "1"]

1. e4 c5 2. Nc3 Nc6 3. g3 g6 4. Bg2 Bg7 5. d3 d6 6. Be3 Rb8 7. Qd2 b5 8. Nge2 b4 9. Nd1 Nd4 10. 0-0 Bg4 11. f3 Bd7 12. Kh1 e6 13. f4 Ne7 14. g4 f5 15. gxf5 exf5 16. c3 bxc3 17. bxc3 Nxe2 18. Qxe2 fxe4 19. dxe4 0-0 20. Rc1 Be6 21. Qd2 Kh8 22. c4 Qb6 23. f5 gxf5 24. Bh6 Bxh6 25. Qxh6 Ng6 26. exf5 Bxf5 27. Rc3 Bg4 28. Rg1 Bxd1 29. Rh3 Qc7 30. Rxd1 Qg7 31. Qe3 Rbe8 32. Qd2 Rf4 33. Rg1 Rd4 34. Qc2 Rg4 35. Qf5 Rxg2 36. Rb1 Rxa2 37. Re3 Rf8 38. Qd5 Ra1 0-1

[Event "San Fernando U2300"]
[Site "San Fernando"]
[Date "2017.01.27"]
[Round "1.3"]
[White "Mesias Rojas, Rabindranath"]
[Black "Basualto Penalieres, Pedro Jaime"]
[Result "1-0"]
[WhiteElo "2258"]
[BlackElo "2088"]
[PlyCount "90"]
[EventDate "2017.01.27"]
[EventType "swiss"]
[EventRounds "6"]
[EventCountry "CHI"]
[SourceTitle "EXT 2024"]
[Source "ChessBase"]
[SourceDate "2023.10.10"]
[SourceVersion "1"]
[SourceVersionDate "2023.10.10"]
[SourceQuality "1"]

1. d4 Nf6 2. Nc3 d5 3. Bg5 e6 4. e4 dxe4 5. Nxe4 Be7 6. Bxf6 Bxf6 7. Nf3 Be7 8. Bd3 Nd7 9. Qe2 c6 10. 0-0-0 Nf6 11. Kb1 Nxe4 12. Bxe4 0-0 13. h4 Qc7 14. g4 Qf4 15. Ng5 g6 16. Nh3 Qh6 17. g5 Qg7 18. h5 e5 19. dxe5 Bxh3 20. Rxh3 Qxe5 21. hxg6 hxg6 22. f4 Qxf4 23. Rdh1 Bxg5 24. Bxg6 Kg7 25. Bxf7 Rxf7 26. Rh7+ Kf6 27. Rxf7+ Kxf7 28. Rf1 Re8 29. Rxf4+ Bxf4 30. Qh5+ Ke7 31. a3 Bc7 32. Qc5+ Kd7 33. Qxa7 Kc8 34. Qa8+ Bb8 35. a4 Re5 36. a5 Kc7 37. a6 bxa6 38. Qxa6 Rb5 39. c3 Rb6 40. Qa8 Rb7 41. Qa5+ Rb6 42. Qe5+ Kb7 43. Qe7+ Bc7 44. Kc2 Rb5 45. c4 Rb6 1-0

[Event "Buenos Aires La Porta Cup"]
[Site "Buenos Aires"]
[Date "2014.12.16"]
[Round "4"]
[White "Basualto Penalieres, Pedro Jaime"]
[Black "Perez, Maximiliano"]
[Result "1-0"]
[WhiteElo "2045"]
[BlackElo "2336"]
[PlyCount "103"]
[EventDate "2014.12.13"]
[EventType "swiss"]
[EventRounds "9"]
[EventCountry "ARG"]
[SourceTitle "EXT 2016"]
[Source "ChessBase"]
[SourceDate "2015.10.08"]
[SourceVersion "1"]
[SourceVersionDate "2015.10.08"]
[SourceQuality "1"]

1. e4 c5 2. Nf3 d6 3. c3 Nf6 4. Be2 g6 5. 0-0 Bg7 6. Bb5+ Nbd7 7. Re1 0-0 8. d4 a6 9. Bf1 b6 10. e5 Ne8 11. e6 fxe6 12. Ng5 Nc7 13. Nxe6 Nxe6 14. Bc4 Nf6 15. Bxe6+ Bxe6 16. Rxe6 Qd7 17. d5 b5 18. Bg5 h6 19. Bh4 g5 20. Bg3 Qb7 21. Nd2 Rf7 22. Qe2 Qxd5 23. Nf1 Ra7 24. b3 Qf5 25. Re1 h5 26. h3 g4 27. hxg4 hxg4 28. c4 bxc4 29. Qxc4 Qd5 30. Qa4 Qh5 31. Qc6 Bf8 32. Qb6 Ra8 33. Qb7 Qd5 34. Qb6 a5 35. a4 c4 36. R1e3 Rc8 37. bxc4 Rxc4 38. Qd8 Rc1 39. Re1 Rxe1 40. Rxe1 e6 41. Ne3 Qc5 42. Bh4 Qe5 43. Rb1 Nd5 44. Nxg4 Qe4 45. Nh6+ Kh7 46. Nxf7 Qxb1+ 47. Kh2 Bg7 48. Ng5+ Kh6 49. Qxd6 Kh5 50. Nxe6 Kxh4 51. Qg3+ Kh5 52. Qg5# 1-0

[Event "Pereyra Puebla Memorial 05th"]
[Site "Mendoza"]
[Date "2005.12.22"]
[Round "9"]
[White "Basualto Penalieres, Pedro Jaime"]
[Black "Di Benedetto, Guillermo"]
[Result "0-1"]
[WhiteElo "2159"]
[BlackElo "2282"]
[PlyCount "99"]
[EventDate "2005.12.16"]
[EventType "swiss"]
[EventRounds "9"]
[EventCountry "ARG"]
[SourceTitle "EXT 2007"]
[Source "ChessBase"]
[SourceDate "2006.11.23"]
[SourceVersion "1"]
[SourceVersionDate "2006.11.23"]
[SourceQuality "1"]

1. e4 c5 2. c3 d5 3. exd5 Qxd5 4. d4 Nc6 5. Nf3 Bg4 6. Be2 cxd4 7. cxd4 e6 8. 0-0 Nf6 9. Be3 Bb4 10. Nc3 Qa5 11. Qb3 0-0 12. a3 Bxc3 13. bxc3 Qc7 14. c4 Rfd8 15. Rfd1 Na5 16. Qb4 Nc6 17. Qa4 Qd7 18. Qb5 h6 19. h3 Bf5 20. Ne5 Qc7 21. Nf3 Be4 22. Qb2 Qe7 23. Nd2 Bg6 24. Nf3 b6 25. Ne5 Nxe5 26. dxe5 Ne4 27. a4 Nc5 28. Qb5 Qc7 29. Rxd8+ Rxd8 30. a5 Be4 31. axb6 axb6 32. Rd1 Rxd1+ 33. Bxd1 Kh7 34. Qb2 Nd7 35. Be2 Qc6 36. f3 Bg6 37. Qd4 Qc7 38. Qd6 Qa7 39. Kh2 Nc5 40. Qd2 Qa4 41. Qb2 Qa5 42. Qd2 Qa3 43. Bd4 Qa7 44. Bb2 Qe7 45. g3 Qc7 46. h4 h5 47. Kg2 Qa7 48. Qd4 Qa2 49. Qd2 Na4 50. Bc1 0-1

[Event "Linares Chile op"]
[Site "Linares"]
[Date "2000.06.26"]
[Round "9"]
[White "Egger Mancilla, Jorge Alejandro"]
[Black "Basualto Penalieres, Pedro Jaime"]
[Result "1-0"]
[WhiteElo "2421"]
[BlackElo "2085"]
[PlyCount "67"]
[EventDate "2000.06.24"]
[EventType "swiss"]
[EventRounds "9"]
[EventCountry "CHI"]
[SourceTitle "EXT 2001"]
[Source "ChessBase"]
[SourceDate "2000.11.22"]
[SourceVersion "1"]
[SourceVersionDate "2000.11.22"]
[SourceQuality "1"]

1. e4 e5 2. Nf3 Nc6 3. Bb5 a6 4. Ba4 Nf6 5. 0-0 Be7 6. Bxc6 dxc6 7. d3 Qd6 8. Nbd2 b5 9. a4 0-0 10. b3 Bb7 11. Ba3 c5 12. d4 Nd7 13. c3 Bf6 14. dxc5 Nxc5 15. Qe2 Qc6 16. Qe3 Nxe4 17. Nxe4 Qxe4 18. Qxe4 Bxe4 19. Bxf8 Rxf8 20. axb5 axb5 21. Ra7 Bd3 22. Rxc7 e4 23. Nd2 Bg5 24. f4 Bd8 25. Rc6 e3 26. Nf3 Be4 27. Ra6 Bb7 28. Rd6 Re8 29. Re1 h6 30. Ne5 Bh4 31. Rxe3 Be7 32. Nd3 Kf8 33. Rb6 Bd5 34. Rxb5 1-0

[Event "Santiago op"]
[Site "Santiago de Chile"]
[Date "1999.??.??"]
[Round "8"]
[White "Basualto Penalieres, Pedro Jaime"]
[Black "Hoffman, Alejandro"]
[Result "0-1"]
[WhiteElo "2085"]
[BlackElo "2547"]
[PlyCount "48"]
[EventDate "1999.??.??"]
[EventType "swiss"]
[EventRounds "9"]
[EventCountry "CHI"]
[SourceTitle "EXT 2000"]
[Source "ChessBase"]
[SourceDate "1999.11.16"]
[SourceVersion "1"]
[SourceVersionDate "1999.11.16"]
[SourceQuality "1"]

1. e4 c5 2. f4 d5 3. Nc3 dxe4 4. Nxe4 Qc7 5. g3 b6 6. Bg2 Bb7 7. Qe2 Nc6 8. Nf3 g6 9. 0-0 Bg7 10. Kh1 Nh6 11. c3 0-0 12. Nh4 Rad8 13. d3 Ba6 14. Nf2 Rfe8 15. f5 Nxf5 16. Nxf5 gxf5 17. Qh5 Qd7 18. g4 e6 19. gxf5 exf5 20. Rg1 Ne5 21. c4 Ng6 22. Bd5 Bb7 23. Bxb7 Qxb7+ 24. Rg2 Re1# 0-1

[Event "Santiago op"]
[Site "Santiago de Chile"]
[Date "1999.??.??"]
[Round "2"]
[White "Basualto Penalieres, Pedro Jaime"]
[Black "Toloza Soto, Pablo Alejandro"]
[Result "1-0"]
[WhiteElo "2085"]
[BlackElo "2347"]
[PlyCount "44"]
[EventDate "1999.??.??"]
[EventType "swiss"]
[EventRounds "9"]
[EventCountry "CHI"]
[SourceTitle "EXT 2000"]
[Source "ChessBase"]
[SourceDate "1999.11.16"]
[SourceVersion "1"]
[SourceVersionDate "1999.11.16"]
[SourceQuality "1"]

1. e4 c5 2. f4 d5 3. Nc3 dxe4 4. Nxe4 e6 5. Nf3 Nc6 6. g3 Be7 7. Bg2 Nf6 8. Nf2 0-0 9. 0-0 Qc7 10. Qe2 b6 11. b3 Bb7 12. Bb2 Rad8 13. Nd3 Nd7 14. Rae1 Bf6 15. Nde5 Rfe8 16. h4 Nb4 17. a3 Nc6 18. Bc3 Ne7 19. Nxf7 Nf5 20. Nxd8 Qxd8 21. Qf2 h5 22. Ng5 Nf8 1-0

[Event "Santiago op"]
[Site "Santiago de Chile"]
[Date "1997.??.??"]
[Round "5"]
[White "Basualto Penalieres, Pedro Jaime"]
[Black "Michel Yunis, Christian D"]
[Result "0-1"]
[WhiteElo "2130"]
[BlackElo "2320"]
[PlyCount "82"]
[EventDate "1997.??.??"]
[EventType "swiss"]
[EventRounds "9"]
[EventCountry "CHI"]
[SourceTitle "EXT 1998"]
[Source "ChessBase"]
[SourceDate "1997.11.17"]
[SourceVersion "1"]
[SourceVersionDate "1997.11.17"]
[SourceQuality "1"]

1. e4 Nf6 2. e5 Nd5 3. d4 d6 4. Nf3 Bg4 5. h3 Bh5 6. c4 Nb6 7. g4 Bg6 8. e6 fxe6 9. Bd3 Bxd3 10. Qxd3 Qd7 11. Ng5 Qc6 12. 0-0 Qxc4 13. Qf3 Kd7 14. Re1 Nc6 15. Be3 h6 16. b3 Qd5 17. Ne4 Qa5 18. Nbc3 Nd5 19. Na4 Re8 20. Qf7 b6 21. Rec1 Nd8 22. Qh5 Nxe3 23. Rxc7+ Kxc7 24. Qxe8 Nc2 25. Rc1 Nc6 26. Rxc2 Qe1+ 27. Kh2 Qxe4 28. Rc4 b5 29. d5 Qxd5 30. Nc3 bxc4 31. Nxd5+ exd5 32. Qf7 c3 33. Qxd5 g5 34. b4 Bg7 35. b5 Be5+ 36. Kg2 Na5 37. Qe4 Rc8 38. a4 Kb6 39. Qf5 Rc7 40. Qf8 Kb7 41. Qf3+ Kb8 0-1